Państwa z CoW (Call of War): Świat w czasie wojny - Statystyki

Ogólne statystyki
  • Ten quiz został rozwiązany 53 razy
  • Średni wynik to 37 z 201
Statystyki odpowiedzi
Kraj % Poprawnych
Polska
87%
Niemcy
80%
Wielka Brytania
69%
Francja
64%
Hiszpania
64%
Szwecja
60%
Japonia
58%
Norwegia
58%
Włochy
58%
Dania
53%
Finlandia
53%
Turcja
53%
Ukraina
53%
Grecja
51%
Portugalia
51%
Belgia
49%
Szwajcaria
49%
Holandia
47%
Irlandia
47%
Irak
44%
Litwa
44%
Persja
44%
Rumunia
44%
Arabia Saudyjska
42%
Bułgaria
42%
Islandia
42%
Albania
40%
Luksemburg
40%
Austria
38%
Białoruś
38%
Egipt
38%
Jugosławia
38%
Mongolia
38%
Kazachstan
36%
Nowa Zelandia
36%
Algieria
33%
Oman
33%
Syria
33%
Czechosłowacja
31%
Filipiny
31%
Gruzja
31%
Korea
31%
Afganistan
29%
Afryka Południowa
29%
Birma
29%
Etiopia
29%
Libia
29%
Madagaskar
29%
Peru
29%
Chile
27%
Pakistan
27%
Syjam
27%
Tunezja
27%
Kongo Belgijskie
24%
Malta
24%
Maroko
24%
Panama
24%
Angola
22%
Beczuana
22%
Katar
22%
Kenia
22%
Mauretania
22%
Papua-Nowa Gwinea
22%
Somalia
22%
Tajwan
22%
Tybet
22%
Bangladesz
20%
Cejlon
20%
Kolumbia
20%
Nepal
20%
Niger Francuski
20%
Wenezuela
20%
Boliwia
18%
Ekwador
18%
Erytrea
18%
Gabon Równikowy
18%
Gwinea Portugalska
18%
Kamerun
18%
Kaukaz
18%
Malezja
18%
Mozambik
18%
Nigeria
18%
Sudan Południowy
18%
Urugwaj
18%
Afryka Południowo-Zachodnia
16%
Alaska
16%
Argentyna Południowa
16%
Bhutan
16%
Czad Równikowy
16%
Gujana
16%
Paragwaj
16%
Argentyna Północna
13%
Brunei
13%
Indie Północne
13%
Indie Południowe
13%
Kalifornia
13%
Liberia
13%
Meksyk Północny
13%
Meksyk Południowy
13%
Teksas
13%
Chiny Komunistyczne
11%
Chiny Narodowe
11%
Grenlandia
11%
Jakucja Zachodnia
11%
Mikronezja
11%
Samoa
11%
Syberia
11%
Wyspy Salomona
11%
Amazonas Wschodnie
9%
Archangielsk
9%
Australia Zachodnia
9%
Chiny Południowe
9%
Fidżi
9%
Jakucja Wschodnia
9%
Kansas
9%
Karaiby
9%
Mandżukuo
9%
Ontario
9%
Palau
9%
Quebec
9%
Rodzina Ma
9%
Sudan Francuski
9%
Syczuan
9%
Alberta
7%
Ameryka Środkowa
7%
Arizona
7%
Borneo
7%
Brazylia Północna
7%
Brazylia Wschodnia
7%
Brytyjska Orisa
7%
Dolna Kalifornia
7%
Goias
7%
Górna Wolta
7%
Hawaje
7%
Illinois
7%
Indochiny
7%
Kathijawar
7%
Maranhao
7%
Montana
7%
Nowa Fundlandia
7%
Nowa Południowa Walia
7%
Okinawa
7%
Północne USA
7%
Południowe USA
7%
Rio de Oro
7%
Sao Paulo
7%
Sudan Północny
7%
Sumatra
7%
Tanganika
7%
Turkiestan
7%
Xinjiang
7%
Amazonas Zachodnie
4%
Brazylia Południowa
4%
Brytyjska Kolumbia
4%
Chabarowsk
4%
Falklandy
4%
Galapagos
4%
Goias Północny
4%
Junnan
4%
Kamczatka
4%
Karolina
4%
Kaszmir
4%
Kolorado
4%
Kuryle
4%
Manitoba
4%
Mato Grosso
4%
Midway
4%
Nowa Anglia
4%
Perm Wołżański
4%
Pernambuco
4%
Północno-zachodnie USA
4%
Rodezja Północna
4%
Rosja Centralna
4%
Sachalin
4%
Saskatchewan
4%
Święta Helena
4%
Syberia Wschodnia
4%
Tahiti
4%
Tasmania
4%
Ural Północny
4%
Ural Południowy
4%
Vanuatu
4%
Wołga Niżny
4%
Australia Środkowa
2%
Hainan
2%
Hidżaz
2%
Johnston
2%
Jukon
2%
Kentucky
2%
Mengjiang
2%
Nowa Kaledonia
2%
Nowy Brunszwik
2%
Nusa Tenggara
2%
Oklahoma
2%
Queensland
2%
Republika Komi
2%
Shenyang
2%
Tannu Tuwa
2%
Wirginia
2%
Wyspy Mariańskie
2%
Nie znaleziono quizów pasujących do podanych kryteriów
Rozkład punktacji
Procent ludzi z każdym wynikiem
Percentyl według liczby udzielonych odpowiedzi
Twoja historia wyników
Nie rozwiązałeś tego quizu